[Event "Nord West Cup"]
[Site "Oldenburg"]
[Date "2000.02.13"]
[Round "7"]
[White "Broehl, Stephan"]
[Black "Wesseln, Kai"]
[Result "0-1"]
[WhiteElo "2197"]
[BlackElo "2356"]
[PlyCount "62"]
[EventDate "2000.??.??"]
[EventType "swiss"]
[EventRounds "7"]
[EventCountry "GER"]
[SourceTitle "EXT 2002"]
[Source "ChessBase"]
[SourceDate "2001.11.25"]
[SourceVersion "1"]
[SourceVersionDate "2001.11.25"]
[SourceQuality "1"]

1. e4 c5 2. Nc3 Nc6 3. f4 g6 4. Nf3 Bg7 5. Bb5 Nd4 6. 0-0 Nxb5 7. Nxb5 Nf6 8. e5 Nd5 9. c4 Nc7 10. Nxc7+ Qxc7 11. d4 cxd4 12. Qxd4 d6 13. Bd2 0-0 14. Rac1 Be6 15. b3 Rad8 16. Qe3 dxe5 17. fxe5 Bf5 18. Bb4 a6 19. Qc5 Qxc5+ 20. Bxc5 Rd7 21. Rfd1 Rfd8 22. Rxd7 Rxd7 23. Kf2 f6 24. Re1 fxe5 25. Nxe5 Rd2+ 26. Kg3 Rxa2 27. Bxe7 a5 28. Nf3 Rb2 29. Bd8 Bf8 30. Nd4 Bb4 31. Re5 Bd6 0-1

[Event "Nord West Cup"]
[Site "Oldenburg"]
[Date "2000.02.11"]
[Round "3"]
[White "Park, Heiko"]
[Black "Wesseln, Kai"]
[Result "0-1"]
[WhiteElo "2022"]
[BlackElo "2356"]
[PlyCount "50"]
[EventDate "2000.??.??"]
[EventType "swiss"]
[EventRounds "7"]
[EventCountry "GER"]
[SourceTitle "EXT 2002"]
[Source "ChessBase"]
[SourceDate "2001.11.25"]
[SourceVersion "1"]
[SourceVersionDate "2001.11.25"]
[SourceQuality "1"]

1. f4 Nf6 2. e3 c5 3. Nf3 g6 4. b3 Bg7 5. Bb2 0-0 6. Be2 Nc6 7. 0-0 d6 8. Nc3 a6 9. Qc1 b5 10. Nd1 Bb7 11. Nf2 Qc7 12. d3 d5 13. c4 dxc4 14. dxc4 b4 15. Qc2 a5 16. Ne5 a4 17. Rad1 axb3 18. axb3 Ra2 19. Ra1 Rxb2 20. Qxb2 Nd7 21. Nfd3 Ndxe5 22. Nxe5 Nxe5 23. fxe5 Bxe5 24. Qc2 Bxh2+ 25. Kf2 Qg3# 0-1

[Event "Oberliga Nord W 9900"]
[Site "Germany"]
[Date "2000.01.09"]
[Round "4.1"]
[White "Wesseln, Kai"]
[Black "Hermann, Manfred"]
[Result "1/2-1/2"]
[WhiteElo "2356"]
[BlackElo "2355"]
[PlyCount "48"]
[EventDate "1999.10.??"]
[EventType "team"]
[EventRounds "9"]
[EventCountry "GER"]
[SourceTitle "EXT 2003"]
[Source "ChessBase"]
[SourceDate "2002.11.25"]
[SourceVersion "1"]
[SourceVersionDate "2002.11.25"]
[SourceQuality "1"]
[WhiteTeam "Delmenhorst II"]
[BlackTeam "Oldenburg Union"]
[WhiteTeamCountry "GER"]
[BlackTeamCountry "GER"]

1. c4 c6 2. d4 d5 3. Nc3 Nf6 4. e3 e6 5. b3 Bd6 6. Bb2 0-0 7. Nf3 Nbd7 8. Bd3 Qe7 9. Qc2 e5 10. cxd5 cxd5 11. dxe5 Nxe5 12. Nxe5 Bxe5 13. Ne2 Bg4 14. Bxe5 Qxe5 15. Nd4 Rac8 16. Qd2 Ne4 17. Bxe4 dxe4 18. h3 Bd7 19. 0-0 Qg5 20. Kh1 Qh5 21. Ne2 Rfd8 22. Ng3 Qe5 23. Rfd1 Be8 24. Qb4 Bc6 1/2-1/2

[Event "Oberliga Nord W 9900"]
[Site "Germany"]
[Date "1999.12.12"]
[Round "3.1"]
[White "Wesseln, Kai"]
[Black "Panzer, Peter"]
[Result "1/2-1/2"]
[WhiteElo "2356"]
[BlackElo "2342"]
[PlyCount "89"]
[EventDate "1999.10.??"]
[EventType "team"]
[EventRounds "9"]
[EventCountry "GER"]
[SourceTitle "EXT 2003"]
[Source "ChessBase"]
[SourceDate "2002.11.25"]
[SourceVersion "1"]
[SourceVersionDate "2002.11.25"]
[SourceQuality "1"]
[WhiteTeam "Delmenhorst II"]
[BlackTeam "Hannover SV"]
[WhiteTeamCountry "GER"]
[BlackTeamCountry "GER"]

1. d4 Nf6 2. Bg5 e6 3. Nd2 d5 4. e3 Be7 5. Bd3 b6 6. Ngf3 Bb7 7. Ne5 0-0 8. 0-0 Nbd7 9. f4 Ne4 10. Bxe7 Qxe7 11. c3 Nxd2 12. Qxd2 f6 13. Nxd7 Qxd7 14. Qc2 g6 15. Rf3 e5 16. Rg3 e4 17. Be2 Kf7 18. c4 dxc4 19. Bxc4+ Kg7 20. h4 h5 21. Rc1 Kh6 22. Rf1 Qf5 23. Qb3 Qd7 24. Be6 Qe7 25. f5 g5 26. hxg5+ fxg5 27. Rh3 g4 28. Rh1 Bc8 29. d5 Qg5 30. Rf4 Bxe6 31. dxe6 Rxf5 32. g3 Rxf4 33. gxf4 Qf5 34. Qc4 Re8 35. Qxc7 Rxe6 36. Kg2 Qd5 37. Qc2 Rc6 38. Qe2 Qxa2 39. Qxg4 Qxb2+ 40. Kg3 Rc5 41. Qe6+ Kh7 42. Qxe4+ Kh6 43. Qe6+ Kh7 44. Qe4+ Kh6 45. Qe6+ 1/2-1/2

[Event "Bundesliga 9900"]
[Site "Germany"]
[Date "1999.10.10"]
[Round "2.8"]
[White "Thiede, Lars"]
[Black "Wesseln, Kai"]
[Result "1/2-1/2"]
[WhiteElo "2386"]
[BlackElo "2356"]
[PlyCount "86"]
[EventDate "1999.10.09"]
[EventType "team-tourn"]
[EventRounds "15"]
[EventCountry "GER"]
[SourceTitle "EXT 2000"]
[Source "ChessBase"]
[SourceDate "1999.11.16"]
[SourceVersion "1"]
[SourceVersionDate "1999.11.16"]
[SourceQuality "1"]
[WhiteTeam "Neukoelln"]
[BlackTeam "Delmenhorst"]
[WhiteTeamCountry "GER"]
[BlackTeamCountry "GER"]

1. g3 g6 2. Bg2 Bg7 3. c4 c5 4. Nc3 Nf6 5. Nf3 Nc6 6. 0-0 0-0 7. d3 d6 8. a3 Ne8 9. Rb1 a5 10. Bd2 Nc7 11. Ne1 Bd7 12. Nc2 Rb8 13. Nb5 Nxb5 14. cxb5 Na7 15. a4 b6 16. Bc3 e5 17. e3 Nc8 18. d4 Ne7 19. Qe2 Qc7 20. Rfd1 Be6 21. d5 Bd7 22. e4 Rbe8 23. f4 Nc8 24. fxe5 Bxe5 25. Bxe5 Rxe5 26. Ne3 Qd8 27. Qd2 f5 28. exf5 Bxf5 29. Nxf5 Rexf5 30. Bh3 Rf2 31. Be6+ Kg7 32. Qxf2 Rxf2 33. Kxf2 Qf6+ 34. Kg2 Ne7 35. Rf1 Nf5 36. Bxf5 gxf5 37. Rbe1 Qxb2+ 38. Kh3 Qd2 39. Re7+ Kf6 40. Re6+ Kg5 41. Rxd6 c4 42. Rxb6 Qe2 43. Rf4 Qh5+ 1/2-1/2

[Event "Oberliga Nord W 9899"]
[Site "Germany"]
[Date "1999.02.21"]
[Round "6.1"]
[White "Botschek, Martin"]
[Black "Wesseln, Kai"]
[Result "0-1"]
[WhiteElo "2225"]
[BlackElo "2345"]
[PlyCount "118"]
[EventDate "1998.10.??"]
[EventType "team"]
[EventRounds "9"]
[EventCountry "GER"]
[SourceTitle "EXT 2003"]
[Source "ChessBase"]
[SourceDate "2002.11.25"]
[SourceVersion "1"]
[SourceVersionDate "2002.11.25"]
[SourceQuality "1"]
[WhiteTeam "Oesede Georgsmarienhuette"]
[BlackTeam "Delmenhorst II"]
[WhiteTeamCountry "GER"]
[BlackTeamCountry "GER"]

1. e4 c5 2. Nc3 Nc6 3. g3 g6 4. Bg2 Bg7 5. d3 d6 6. f4 e6 7. Nf3 Nge7 8. 0-0 0-0 9. Be3 Nd4 10. Nh4 f5 11. Qd2 Rb8 12. Nd1 b6 13. c3 Ndc6 14. Bf2 d5 15. Qe2 Ba6 16. exf5 exf5 17. Re1 Kh8 18. Nf3 h6 19. Qc2 Qd6 20. Ne3 Rbc8 21. Rad1 Bb7 22. Qa4 a6 23. Qa3 Qd7 24. Nc2 Rfe8 25. Qb3 Qc7 26. Re6 Rcd8 27. Rde1 Bc8 28. R6e2 Bd7 29. Ne5 Nxe5 30. fxe5 Be6 31. d4 c4 32. Qa4 Ra8 33. Ne3 b5 34. Qd1 a5 35. Bf3 b4 36. Ng2 g5 37. Bh5 Rf8 38. Be3 Qd7 39. Rf2 Rg8 40. Qd2 bxc3 41. bxc3 Bf8 42. Rb1 Nc6 43. Bd1 Be7 44. Ba4 Qc7 45. Rbf1 Raf8 46. Qd1 Kg7 47. Bc2 Qd7 48. h4 Nd8 49. hxg5 hxg5 50. Qb1 Rh8 51. Bxf5 Bxf5 52. Rxf5 Rxf5 53. Rxf5 Ne6 54. Qf1 Nf4 55. g4 Nh3+ 56. Kh2 Nf2+ 57. Kg3 Ne4+ 58. Kf3 Rh3+ 59. Ke2 Ng3+ 0-1

[Event "Oberliga Nord W 9899"]
[Site "Germany"]
[Date "1998.12.13"]
[Round "3.1"]
[White "Naumann, Frank"]
[Black "Wesseln, Kai"]
[Result "1-0"]
[WhiteElo "2290"]
[BlackElo "2345"]
[PlyCount "127"]
[EventDate "1998.10.??"]
[EventType "team"]
[EventRounds "9"]
[EventCountry "GER"]
[SourceTitle "EXT 2003"]
[Source "ChessBase"]
[SourceDate "2002.11.25"]
[SourceVersion "1"]
[SourceVersionDate "2002.11.25"]
[SourceQuality "1"]
[WhiteTeam "Hannover SV"]
[BlackTeam "Delmenhorst II"]
[WhiteTeamCountry "GER"]
[BlackTeamCountry "GER"]

1. d4 g6 2. c4 f5 3. g3 Bg7 4. Bg2 Nf6 5. Nf3 0-0 6. 0-0 d6 7. b3 Nc6 8. Bb2 e5 9. dxe5 Ng4 10. Nc3 Ngxe5 11. Nxe5 Bxe5 12. f4 Bg7 13. Qd2 Qf6 14. Na4 Qe7 15. Rfe1 Bxb2 16. Nxb2 Bd7 17. Rad1 Rad8 18. Na4 Qg7 19. Nc3 Bc8 20. Nd5 Rfe8 21. b4 Rd7 22. e4 fxe4 23. Bxe4 Ne7 24. f5 gxf5 25. Bxf5 Rdd8 26. Nxc7 Bxf5 27. Nxe8 Rxe8 28. Qxd6 Qf7 29. Qf4 Rf8 30. g4 Qg6 31. Rd6 Qg7 32. Rxe7 Qxe7 33. gxf5 Qe1+ 34. Kg2 Qe2+ 35. Kg1 Qe1+ 36. Kg2 Qe2+ 37. Kh3 Qh5+ 38. Kg3 Rxf5 39. Rd8+ Kg7 40. Qd4+ Re5 41. Qd7+ Kh6 42. Qd6+ Qg6+ 43. Qxg6+ Kxg6 44. Rd6+ Kf5 45. Rd7 Re4 46. Rxh7 Rxc4 47. Rxb7 Rc3+ 48. Kh4 a6 49. a4 a5 50. bxa5 Rc4+ 51. Kh5 Rxa4 52. Rb5+ Kf6 53. h4 Rc4 54. Rb6+ Kf5 55. a6 Ra4 56. Rc6 Ra5 57. Rg6 Ra4 58. Rg5+ Kf6 59. Rg4 Ra1 60. Kh6 Kf7 61. Rg6 Ra4 62. h5 Ra1 63. Kh7 Ra2 64. Rb6 1-0

[Event "Oberliga Nord W 9899"]
[Site "Germany"]
[Date "1998.11.22"]
[Round "2.1"]
[White "Wesseln, Kai"]
[Black "Richter, Matthias Alexander"]
[Result "1-0"]
[WhiteElo "2345"]
[BlackElo "2255"]
[PlyCount "104"]
[EventDate "1998.10.??"]
[EventType "team"]
[EventRounds "9"]
[EventCountry "GER"]
[SourceTitle "EXT 2003"]
[Source "ChessBase"]
[SourceDate "2002.11.25"]
[SourceVersion "1"]
[SourceVersionDate "2002.11.25"]
[SourceQuality "1"]
[WhiteTeam "Delmenhorst II"]
[BlackTeam "Buxtehude"]
[WhiteTeamCountry "GER"]
[BlackTeamCountry "GER"]

1. d4 Nf6 2. Nf3 g6 3. e3 Bg7 4. Be2 0-0 5. c4 c5 6. Nc3 cxd4 7. exd4 d5 8. 0-0 Nc6 9. Re1 Be6 10. c5 Ne4 11. Be3 Nxc3 12. bxc3 b6 13. Bb5 Na5 14. Rc1 bxc5 15. dxc5 a6 16. Bf1 Nc4 17. Bxc4 dxc4 18. Qa4 Qc7 19. Nd2 Qb7 20. Nxc4 Qb5 21. Qxb5 axb5 22. Nb6 Rxa2 23. c6 Re8 24. Red1 Be5 25. Rb1 Rc2 26. Rxb5 Bc7 27. Nd5 Bxd5 28. Rbxd5 Rxc3 29. Rc5 Rxc5 30. Bxc5 Rd8 31. Rxd8+ Bxd8 32. Bxe7 Bc7 33. Bf6 Kf8 34. f3 Ke8 35. Kf2 Bd8 36. Be5 Bb6+ 37. Ke2 Ke7 38. Kd3 Ke6 39. Bg3 f5 40. Kc4 g5 41. Kb5 Bd4 42. Ka6 f4 43. Be1 Be5 44. Kb7 Kd5 45. Bc3 Bd6 46. Bf6 h6 47. Bd8 Kd4 48. Bc7 Bxc7 49. Kxc7 Ke3 50. Kd6 Kf2 51. c7 Kxg2 52. c8Q Kxf3 1-0

[Event "BL2-Nord 9798"]
[Site "Germany"]
[Date "1998.??.??"]
[Round "6.8"]
[White "Wesseln, Kai"]
[Black "Giemsa, Stephan"]
[Result "0-1"]
[WhiteElo "2365"]
[BlackElo "2310"]
[PlyCount "52"]
[EventDate "1997.10.??"]
[EventType "team-tourn"]
[EventRounds "9"]
[EventCountry "GER"]
[SourceTitle "EXT 1999"]
[Source "ChessBase"]
[SourceDate "1998.11.16"]
[SourceVersion "1"]
[SourceVersionDate "1998.11.16"]
[SourceQuality "1"]
[WhiteTeam "Delmenhorst"]
[BlackTeam "Koenig Tegel"]
[WhiteTeamCountry "GER"]
[BlackTeamCountry "GER"]

1. d4 Nf6 2. Nf3 g6 3. Nc3 d5 4. Bf4 Bg7 5. e3 0-0 6. Be2 c6 7. h4 Qb6 8. a3 Bf5 9. b4 Ne4 10. Nxe4 Bxe4 11. Nd2 Bxg2 12. Rh2 Be4 13. Nxe4 dxe4 14. h5 Nd7 15. hxg6 hxg6 16. Bc4 Nf6 17. Kd2 Rad8 18. c3 Rd5 19. Bxd5 cxd5 20. Be5 Rc8 21. Qf1 Qc6 22. Rc1 Ng4 23. Rh1 Nxe5 24. dxe5 Bxe5 25. Rc2 Bxc3+ 26. Kc1 Bd2+ 0-1

[Event "BL2-Nord 9697"]
[Site "Germany"]
[Date "1997.??.??"]
[Round "?.3"]
[White "Becker, Walter"]
[Black "Wesseln, Kai"]
[Result "1-0"]
[WhiteElo "2300"]
[BlackElo "2340"]
[PlyCount "77"]
[EventDate "1996.10.??"]
[EventType "team-tourn"]
[EventRounds "9"]
[EventCountry "GER"]
[SourceTitle "GER-chT2"]
[Source "ChessBase"]
[SourceDate "1999.07.01"]
[SourceVersion "1"]
[SourceVersionDate "1999.07.01"]
[SourceQuality "1"]
[WhiteTeam "Lasker Steglitz"]
[BlackTeam "Delmenhorst II"]
[WhiteTeamCountry "GER"]
[BlackTeamCountry "GER"]

1. e4 c5 2. Nf3 Nc6 3. Bb5 g6 4. 0-0 Bg7 5. Re1 e5 6. Bxc6 dxc6 7. d3 Qe7 8. b4 cxb4 9. a3 Nh6 10. axb4 0-0 11. Ba3 Qc7 12. b5 Rd8 13. bxc6 Qxc6 14. Qe2 b5 15. Bb4 Bb7 16. Nc3 Qd7 17. Nd2 Ng4 18. Nb3 Nf6 19. Nc5 Qc6 20. Nxb7 Qxb7 21. Reb1 a6 22. Nd1 Rdc8 23. Ne3 Qc6 24. h3 Bh6 25. Ra2 Qe6 26. Rba1 Rc6 27. Qf3 Bxe3 28. Qxe3 Nh5 29. c3 Re8 30. Qa7 Nf4 31. Qe3 Qf6 32. Qf3 Ree6 33. Rd1 Qg5 34. d4 exd4 35. cxd4 Rc4 36. Rb2 Qf6 37. e5 Qf5 38. Bd6 Qg5 39. Qa8+ 1-0

[Event "BL2-Nord 9697"]
[Site "Germany"]
[Date "1997.??.??"]
[Round "?.4"]
[White "Fette, Martin"]
[Black "Wesseln, Kai"]
[Result "1-0"]
[WhiteElo "2340"]
[BlackElo "2340"]
[PlyCount "55"]
[EventDate "1996.10.??"]
[EventType "team-tourn"]
[EventRounds "9"]
[EventCountry "GER"]
[SourceTitle "GER-chT2"]
[Source "ChessBase"]
[SourceDate "1999.07.01"]
[SourceVersion "1"]
[SourceVersionDate "1999.07.01"]
[SourceQuality "1"]
[WhiteTeam "Koenig Tegel"]
[BlackTeam "Delmenhorst II"]
[WhiteTeamCountry "GER"]
[BlackTeamCountry "GER"]

1. e4 c5 2. Nf3 Nc6 3. Bb5 g6 4. 0-0 Bg7 5. c3 Nf6 6. e5 Nd5 7. d4 cxd4 8. cxd4 0-0 9. Nc3 Nxc3 10. bxc3 d6 11. exd6 Qxd6 12. a4 Rd8 13. Ba3 Qc7 14. Re1 e6 15. Ng5 a6 16. Bf1 b6 17. Qf3 Bb7 18. Qh3 h6 19. Nxe6 fxe6 20. Qxe6+ Kh8 21. Qxg6 Rg8 22. Bd6 Qd7 23. d5 Rad8 24. dxc6 Qxc6 25. Re6 Rde8 26. Rae1 Rxe6 27. Rxe6 Rd8 28. Be5 1-0

[Event "BL2-Nord 9798"]
[Site "Germany"]
[Date "1997.??.??"]
[Round "3.8"]
[White "Kues, Jarl Hendrik"]
[Black "Wesseln, Kai"]
[Result "0-1"]
[WhiteElo "2230"]
[BlackElo "2365"]
[PlyCount "96"]
[EventDate "1997.10.??"]
[EventType "team-tourn"]
[EventRounds "9"]
[EventCountry "GER"]
[SourceTitle "EXT 1999"]
[Source "ChessBase"]
[SourceDate "1998.11.16"]
[SourceVersion "1"]
[SourceVersionDate "1998.11.16"]
[SourceQuality "1"]
[WhiteTeam "Hamburger SK II"]
[BlackTeam "Delmenhorst"]
[WhiteTeamCountry "GER"]
[BlackTeamCountry "GER"]

1. d4 f5 2. Nc3 Nf6 3. Bg5 d5 4. Bxf6 exf6 5. e3 c6 6. Qd2 Be6 7. Bd3 Nd7 8. Nge2 g6 9. Ng3 Bd6 10. Nce2 Qe7 11. c3 Bf7 12. 0-0-0 0-0-0 13. Kb1 Kb8 14. Rhe1 Rhe8 15. Rh1 Nb6 16. h4 h5 17. Nf4 Qc7 18. Nge2 Bf8 19. Nh3 Nc8 20. Qc2 Nd6 21. Ng3 b5 22. Rhe1 Ne4 23. Nf1 Bh6 24. Nd2 Nxd2+ 25. Qxd2 Qh2 26. Rg1 Re7 27. Be2 g5 28. hxg5 fxg5 29. Bd3 Bg6 30. Qc2 Rf8 31. Ka1 g4 32. Nf4 Bxf4 33. exf4 Qxf4 34. g3 Qg5 35. Qc1 Qxc1+ 36. Rxc1 Rfe8 37. Rh1 Kc7 38. Kb1 Kd6 39. Kc2 Ke6 40. Kd2 Kf6 41. Rh4 f4 42. gxf4 Bxd3 43. Kxd3 Re2 44. Rxh5 Rxf2 45. Rg1 Rxf4 46. Rh6+ Kg5 47. Rxc6 Rf2 48. Rc7 Rfe2 0-1

[Event "BL2-Nord 9697"]
[Site "Germany"]
[Date "1997.??.??"]
[Round "?.3"]
[White "Wesseln, Kai"]
[Black "Lang, Jens"]
[Result "1-0"]
[WhiteElo "2340"]
[BlackElo "2330"]
[PlyCount "121"]
[EventDate "1996.10.??"]
[EventType "team-tourn"]
[EventRounds "9"]
[EventCountry "GER"]
[SourceTitle "GER-chT2"]
[Source "ChessBase"]
[SourceDate "1999.07.01"]
[SourceVersion "1"]
[SourceVersionDate "1999.07.01"]
[SourceQuality "1"]
[WhiteTeam "Delmenhorst II"]
[BlackTeam "Kreuzberg"]
[WhiteTeamCountry "GER"]
[BlackTeamCountry "GER"]

1. d4 Nf6 2. Nf3 g6 3. Bf4 Bg7 4. e3 0-0 5. Be2 d6 6. h3 c6 7. c3 b5 8. 0-0 Qb6 9. Nbd2 Bb7 10. a4 a6 11. b4 Nd5 12. Qb3 Nxf4 13. exf4 Nd7 14. Rfe1 Nf6 15. c4 bxc4 16. Nxc4 Qa7 17. Ne3 Rab8 18. Rab1 Ba8 19. Qc4 Ne4 20. Bd3 d5 21. Qxa6 Bxd4 22. Qxa7 Bxa7 23. Bxe4 dxe4 24. Ne5 Rfd8 25. Rec1 Rd6 26. b5 cxb5 27. axb5 Bxe3 28. fxe3 Bd5 29. Rc7 Rb7 30. Rxb7 Bxb7 31. Nc4 Rd8 32. Na5 Rb8 33. b6 Kf8 34. Kf2 Ke8 35. g4 Kd7 36. Rd1+ Ke8 37. g5 e6 38. Rb1 Kd7 39. Nc4 Ke7 40. Ne5 Bd5 41. h4 Rb7 42. Ke2 f5 43. gxf6+ Kxf6 44. Kd2 Ke7 45. Kc3 Kd6 46. Kd4 Rb8 47. Nf7+ Ke7 48. Ng5 Bc6 49. Ra1 Rd8+ 50. Kc5 Bb7 51. Ra7 Rd5+ 52. Kc4 Rd7 53. Nxh7 Kd6 54. Nf6 Re7 55. Kd4 Kc6 56. Ra1 Kxb6 57. Rg1 Rc7 58. Rxg6 Rc1 59. h5 Rd1+ 60. Ke5 Rd3 61. Rg3 1-0

[Event "BL2-Nord 9697"]
[Site "Germany"]
[Date "1997.??.??"]
[Round "?.2"]
[White "Wesseln, Kai"]
[Black "Meier, Volker"]
[Result "1/2-1/2"]
[WhiteElo "2340"]
[BlackElo "2285"]
[PlyCount "102"]
[EventDate "1996.10.??"]
[EventType "team-tourn"]
[EventRounds "9"]
[EventCountry "GER"]
[SourceTitle "GER-chT2"]
[Source "ChessBase"]
[SourceDate "1999.07.01"]
[SourceVersion "1"]
[SourceVersionDate "1999.07.01"]
[SourceQuality "1"]
[WhiteTeam "Delmenhorst II"]
[BlackTeam "Anhalt"]
[WhiteTeamCountry "GER"]
[BlackTeamCountry "GER"]

1. d4 Nf6 2. Nf3 e6 3. Bf4 b6 4. e3 Bb7 5. Nbd2 c5 6. Bd3 Be7 7. c3 cxd4 8. exd4 0-0 9. Qe2 d6 10. 0-0 Re8 11. h3 Nbd7 12. Rfe1 Bf8 13. Rad1 h6 14. Nc4 Qc7 15. Ne3 a6 16. Ng4 Nd5 17. Bh2 b5 18. Bb1 Rac8 19. Nd2 f5 20. Ne3 N7f6 21. Nxd5 Bxd5 22. Rc1 Qb7 23. f3 Qb6 24. Kh1 Rc7 25. Nf1 g6 26. Ne3 Ba8 27. a3 e5 28. dxe5 dxe5 29. Ba2+ Kh7 30. Rcd1 Rce7 31. c4 e4 32. f4 b4 33. c5 Qxc5 34. Qxa6 Bg7 35. Bg1 Qc7 36. Rd6 Nh5 37. Bh2 bxa3 38. bxa3 Qc3 39. Qe2 Qxa3 40. Ra6 Qc3 41. Rd1 Bb7 42. Rad6 Nf6 43. Bg3 Rc7 44. Bh4 Bc6 45. Nxf5 gxf5 46. Bxf6 Bxf6 47. Qh5 Rf8 48. Qxf5+ Kg7 49. Qg4+ Kh8 50. Qg6 Bg7 51. Qh5 Kh7 1/2-1/2

[Event "GER-ch 68th"]
[Site "Dudweiler"]
[Date "1996.??.??"]
[Round "1"]
[White "Movsziszian, Karen"]
[Black "Wesseln, Kai"]
[Result "1-0"]
[WhiteElo "2470"]
[BlackElo "2320"]
[PlyCount "63"]
[EventDate "1996.11.26"]
[EventType "swiss"]
[EventRounds "9"]
[EventCountry "GER"]
[SourceTitle "CBM 055 Extra"]
[Source "ChessBase"]
[SourceDate "1997.01.01"]
[SourceVersion "1"]
[SourceVersionDate "1997.01.01"]
[SourceQuality "1"]

1. b3 Nf6 2. Bb2 g6 3. f4 Bg7 4. Nf3 0-0 5. e3 d6 6. d4 c5 7. Be2 b6 8. 0-0 Bb7 9. c4 e6 10. Nc3 Qe7 11. Qe1 Nc6 12. Rd1 Rfd8 13. h3 Rac8 14. g4 cxd4 15. exd4 d5 16. f5 exf5 17. gxf5 Qe3+ 18. Rf2 Qf4 19. fxg6 hxg6 20. Qf1 Ne7 21. Bc1 Qg3+ 22. Rg2 Qxh3 23. Bg5 Nf5 24. Bxf6 Ng3 25. Qe1 Nxe2+ 26. Nxe2 Bxf6 27. Qf1 Bg7 28. Nf4 Qh6 29. Ng5 dxc4 30. Nxf7 Qh4 31. Nxd8 Rxd8 32. Qxc4+ 1-0

[Event "Bundesliga 9596"]
[Site "Germany"]
[Date "1996.??.??"]
[Round "?.8"]
[White "Poldauf, Dirk"]
[Black "Wesseln, Kai"]
[Result "1-0"]
[WhiteElo "2430"]
[BlackElo "2355"]
[PlyCount "123"]
[EventDate "1995.10.14"]
[EventType "team-tourn"]
[EventRounds "15"]
[EventCountry "GER"]
[SourceTitle "GER-chT"]
[Source "ChessBase"]
[SourceDate "1999.07.01"]
[SourceVersion "1"]
[SourceVersionDate "1999.07.01"]
[SourceQuality "1"]
[WhiteTeam "Berlin Empor"]
[BlackTeam "Delmenhorst"]
[WhiteTeamCountry "GER"]
[BlackTeamCountry "GER"]

1. c4 c5 2. g3 g6 3. Bg2 Bg7 4. Nc3 Nf6 5. e3 0-0 6. Nge2 Nc6 7. 0-0 d6 8. d4 Bd7 9. b3 Rb8 10. Bb2 a6 11. dxc5 dxc5 12. Na4 b6 13. Nf4 Na5 14. Be5 Rc8 15. Qc2 Bxa4 16. bxa4 Nd7 17. Bxg7 Kxg7 18. Rfd1 e6 19. Rd6 Qe7 20. Rad1 Ne5 21. Rxb6 Naxc4 22. Rxa6 Rfd8 23. Rc1 Rd2 24. Qe4 Rb8 25. Bf1 Rbb2 26. Bxc4 Nxc4 27. Qxc4 Rxf2 28. Qe4 Qd7 29. Qe5+ f6 30. Qd6 Qxd6 31. Rxd6 e5 32. Nd3 Rg2+ 33. Kf1 Rxa2 34. Rxc5 Rxh2 35. Rc7+ Kh6 36. Kg1 Rhd2 37. Rc1 Ra3 38. Nxe5 Re2 39. Rxf6 Rxa4 40. Rf3 Raa2 41. Ng4+ Kg5 42. Nf2 h5 43. Rc6 Kh6 44. Re6 Ra5 45. Re7 Kg5 46. Rf8 Rf5 47. Rxf5+ gxf5 48. Kf1 Ra2 49. Kg2 h4 50. gxh4+ Kxh4 51. Rg7 Ra4 52. Kf3 Kh5 53. Nd3 Kh6 54. Rg1 Kh5 55. Nf4+ Kh6 56. Ne2 Kh5 57. Nd4 Ra2 58. Kf4 Rf2+ 59. Nf3 Kh6 60. Rg3 Re2 61. Nd4 Rf2+ 62. Rf3 1-0

[Event "Bundesliga 9596"]
[Site "Germany"]
[Date "1996.??.??"]
[Round "?.7"]
[White "Wesseln, Kai"]
[Black "Frick, Christoph"]
[Result "0-1"]
[WhiteElo "2355"]
[BlackElo "2280"]
[PlyCount "98"]
[EventDate "1995.10.14"]
[EventType "team-tourn"]
[EventRounds "15"]
[EventCountry "GER"]
[SourceTitle "GER-chT"]
[Source "ChessBase"]
[SourceDate "1999.07.01"]
[SourceVersion "1"]
[SourceVersionDate "1999.07.01"]
[SourceQuality "1"]
[WhiteTeam "Delmenhorst"]
[BlackTeam "Tuebingen"]
[WhiteTeamCountry "GER"]
[BlackTeamCountry "GER"]

1. d4 Nf6 2. c4 e5 3. dxe5 Ng4 4. Bf4 Nc6 5. Nf3 Bb4+ 6. Nbd2 Qe7 7. e3 Ngxe5 8. Be2 0-0 9. 0-0 d6 10. a3 Bxd2 11. Qxd2 b6 12. b4 Bb7 13. Qc3 Rfe8 14. c5 dxc5 15. bxc5 Rad8 16. Rfc1 Nxf3+ 17. Bxf3 Na5 18. c6 Bc8 19. Rd1 Be6 20. Qb4 Qf6 21. Bxc7 Rc8 22. Qd6 h6 23. Qg3 Bb3 24. Rdc1 Qe6 25. Rc3 Bd5 26. Rd1 Bxf3 27. gxf3 Qf6 28. Rdc1 Re6 29. Bf4 Rcxc6 30. Rxc6 Nxc6 31. Kh1 Qb2 32. Qg1 Qxa3 33. Qd1 Qa2 34. Rc2 Qb3 35. Qc1 Qd3 36. e4 Qd7 37. Rd2 Qe7 38. Qd1 a5 39. Rd7 Qf6 40. Bg3 a4 41. Rd3 b5 42. Qc2 Ne5 43. Rd5 Qxf3+ 44. Kg1 Nc6 45. Rxb5 Rxe4 46. Rb1 Nd4 47. Qc8+ Kh7 48. h4 Ne2+ 49. Kh2 Nxg3 0-1

[Event "Bundesliga 9596"]
[Site "Germany"]
[Date "1996.??.??"]
[Round "?.8"]
[White "Wesseln, Kai"]
[Black "Hedke, Fred"]
[Result "1/2-1/2"]
[WhiteElo "2355"]
[BlackElo "2375"]
[PlyCount "68"]
[EventDate "1995.10.14"]
[EventType "team-tourn"]
[EventRounds "15"]
[EventCountry "GER"]
[SourceTitle "GER-chT"]
[Source "ChessBase"]
[SourceDate "1999.07.01"]
[SourceVersion "1"]
[SourceVersionDate "1999.07.01"]
[SourceQuality "1"]
[WhiteTeam "Delmenhorst"]
[BlackTeam "Werder Bremen"]
[WhiteTeamCountry "GER"]
[BlackTeamCountry "GER"]

1. d4 d5 2. c4 e6 3. Nc3 Nf6 4. cxd5 exd5 5. Bg5 Be7 6. e3 h6 7. Bh4 0-0 8. Bd3 b6 9. Nf3 Bb7 10. Ne5 Nbd7 11. f4 Ne4 12. Bxe7 Qxe7 13. 0-0 Nxe5 14. fxe5 c5 15. Qe1 Rad8 16. Rd1 Qg5 17. Qe2 f6 18. Bxe4 dxe4 19. exf6 cxd4 20. exd4 Rxf6 21. Rxf6 Qxf6 22. Nxe4 Qf4 23. Ng3 Rxd4 24. Rf1 Qg5 25. Qe6+ Kh7 26. Qf5+ Qg6 27. Qxg6+ Kxg6 28. h3 Rd3 29. Nh1 h5 30. Rf2 a5 31. Kh2 b5 32. a3 b4 33. axb4 axb4 34. Ng3 Rd5 1/2-1/2

[Event "BL2-Nord 9697"]
[Site "Germany"]
[Date "1996.??.??"]
[Round "?.3"]
[White "Wesseln, Kai"]
[Black "Tatenhorst, Volker"]
[Result "1-0"]
[WhiteElo "2320"]
[BlackElo "2280"]
[PlyCount "91"]
[EventDate "1996.10.??"]
[EventType "team-tourn"]
[EventRounds "9"]
[EventCountry "GER"]
[SourceTitle "GER-chT2"]
[Source "ChessBase"]
[SourceDate "1999.07.01"]
[SourceVersion "1"]
[SourceVersionDate "1999.07.01"]
[SourceQuality "1"]
[WhiteTeam "Delmenhorst II"]
[BlackTeam "Hamburger SG BUE"]
[WhiteTeamCountry "GER"]
[BlackTeamCountry "GER"]

1. d4 Nf6 2. Nf3 g6 3. Nc3 Bg7 4. Bf4 0-0 5. Qd2 c5 6. Bh6 cxd4 7. Nxd4 Nc6 8. Bxg7 Kxg7 9. e4 d6 10. Be2 Bd7 11. 0-0 Rc8 12. Rad1 Qb6 13. Nb3 Ne5 14. Kh1 Be6 15. f4 Nc4 16. Bxc4 Bxc4 17. Rf3 Bxb3 18. axb3 Qc5 19. Qd4 Qxd4 20. Rxd4 Rfd8 21. Rfd3 Re8 22. Ra4 a6 23. g3 Rc6 24. Kg2 e5 25. fxe5 dxe5 26. Rc4 Rxc4 27. bxc4 Rc8 28. b3 b5 29. Rd6 bxc4 30. b4 Ne8 31. Rxa6 Rd8 32. Nd5 Nd6 33. Kf3 Rd7 34. g4 Nb5 35. g5 h6 36. h4 hxg5 37. hxg5 Nd4+ 38. Kg4 Rd8 39. c3 Ne6 40. Rc6 Rh8 41. b5 Rb8 42. b6 Kf8 43. Rxc4 Ke8 44. Ra4 Nc5 45. Ra7 Nd7 46. b7 1-0